| 000 | 00647nam a2200253Ia 4500 | ||
|---|---|---|---|
| 005 | 20250425162224.0 | ||
| 008 | 250425s9999 xx 000 0 und d | ||
| 020 | _a9284407168 | ||
| 041 | _aeng | ||
| 043 | _asp | ||
| 082 | _a338.4791 | ||
| 100 | _aWORLD TOURISM ORGANIZATION, WTO | ||
| 245 | 0 | _aRURAL TOURISM IN EUROPE: EXPERIENCES, DEVELOPMENT AND PERSPECTIVES | |
| 250 | _aS.E. | ||
| 260 |
_aEspaƱa _bWORLD TOURISM ORGANIZATION _c2004 |
||
| 260 | _aMADRID | ||
| 300 | _a240 | ||
| 650 | _aDESARROLLO | ||
| 650 | _aEUROPA | ||
| 650 | _aTURISMO RURAL | ||
| 710 | _aWORLD TOURISM ORGANIZATION | ||
| 942 | _c01 | ||
| 010 | _a57801 | ||
| 999 |
_c224830 _d224830 |
||